Statistics for Bad Brains Discography

Click here to take the quiz!

General Stats

  • This quiz has been taken 9 times
  • The average score is 10 of 20

Answer Stats

TypeYearName% Correct
Album1986I Against I
100%
Album1982Bad Brains
83%
EP1982Bad Brains
83%
Album1989Quickness
67%
Album1993Rise
67%
Album1983Rock for Light
67%
Live Album1990The Youth Are Getting Restless
67%
Compilation1996Black Dots
50%
Album2007Build a Nation
50%
Album1995God of Love
50%
Album2002I & I Survived
50%
Album2012Into the Future
50%
Live Album1988Live
50%
EP1997The Omega Sessions
50%
Compilation2003Banned in D.C.
33%
EP1982I And I Survive
33%
Live Album2006Live at CBGB 1982
33%
Bootleg Compilation2006Pay To Cum 1979-1981
33%
EP1991Spirit Electricity
17%
Live Album2001A Bad Brains Reunion Live from Maritime Hall
0%

Score Distribution

Percentile by Number Answered

Percent of People with Each Score

Your Score History

You have not taken this quiz